000 00788nam a2200205Ia 4500
008 150610s9999 xx 000 0 und d
020 _a9780439358071
050 _aPR6068
_b.O93 H37c v.5   
100 _aRowling, J.K.
245 _aHarry Potter and the Order of the Phoenix /
_cby J.K. Rowling ; illustrations by Mary GrandPre.
260 _aNew York :
_bScholastic,
_c2003.
300 _a870pages :
_billustrations ;
_c20 cm.
440 _aHarry Potter ; bk. 5
_vv. 5
504 _aSequel to: Harry Potter and the goblet of fire
520 _aJuvenile fiction.
650 _aEngland
_bJuvenile fiction.
650 _aHogwarts school of witchcraft and wizardry (Imaginary place)
_xJuvenile fiction.
650 _aMagic
_xJuvenile fiction
650 _aSchools
_bJuvenile fiction.
999 _c287928
_d287928